Statistiques concernant Phrasal Verbs #5

Cliquez ici pour prendre le quiz!

Statistiques générales

  • Ce quiz a été pris 6 fois
  • Le résultat moyen est 13 sur 40

Statistiques - réponses

Hint Answer % Correct
Faire la grasse matinéeSleep in... in
83%
Passer la nuit chez quelqu'inSleep over... over
83%
Se taireShut up... up
83%
Lire à haute voixRead out... out
83%
FrimerShow off... off
67%
Rester chez soiStay in... in
67%
S'asseoirSit down... down
67%
Parler en faveur / défendreSpeak out... out
67%
Ne pas rentrerStay out... out
67%
Ne pas s'approcherStay away... away
50%
Tendre la mainReach out... out
50%
ArriverShow up... up
50%
RenvoyerSend back... back
50%
Revenir / retourné àReturn to... to
50%
S'enfuirRun away... away
50%
ChercherSearch for... for
33%
RessortirStand out... out
33%
Vouloir dire / tolérerStand for... for
33%
Rentrer deReturn from... from
33%
AvancerStep forward... forward
33%
Appeler / faire venirSend for... for
33%
S'épuiserRun out... out
33%
ExpulserSend off... off
33%
Renverser / écraserRun over... over
33%
TrimerSlave away... away
17%
RappelerRing back... back
17%
Faire fuir / effrayerScare away... away
17%
Compter surRely on... on
17%
PartirStart off / out... off/out
0%
Dépasser / tirerStick out... out
0%
Se disperserSpread out... out
0%
Partit / mettre en routeSet out... out
0%
Dire au revoir àSee off... off
0%
ExclureRule out... out
0%
EffacerRub out... out
0%
S'occuper deSee to... to
0%
Partir / mettre en route / faire partir / faire exploser / déclencherSet off... off
0%
Ranger / Régler / s'occuper deSort out... out
0%
Filer / s'éclipserSlip off... off
0%
Tourner / se retournerSpin around... around
0%

Distribution des résultats

Percentile by Number Answered

% des personnes avec chaque résultat

Votre développement - résultats

Vous n’avez pas pris ce quiz